: الأمة المسلمة فى القرآن / دراسة لمعنى الأمة و بعدها السياسى
Saved in:
| Main Author: | |
|---|---|
| Other Authors: | |
| Format: | Thesis |
| Language: | Arabic |
| Published: |
Kuala Lumpur :
al-Jami'ah al-Islamiyah al-'Alamiyah Maliziya,
1994
|
| Subjects: | |
| Online Access: | http://studentrepo.iium.edu.my/handle/123456789/8413 |
| Tags: |
Add Tag
No Tags, Be the first to tag this record!
|
| LEADER | 021900000a22004090004500 | ||
|---|---|---|---|
| 001 | 81593 | ||
| 005 | 20100112163000.0 | ||
| 008 | 950614s1994 my g 000 0 ara d | ||
| 035 | |a (Sirsi) 81593 | ||
| 040 | |a UIAM |b eng | ||
| 041 | 0 | |a ara | |
| 049 | |b m | ||
| 050 | |a BP134.P6 | ||
| 100 | 1 | |a حسين، رضوان جمال يوسف | |
| 242 | 1 | 3 | |a al-Ummah al-Muslimah fi al-Qur'an : |b dirasah li-ma'na al-ummah wa-bu'daha al-siyasi |
| 245 | 1 | 2 | |a : الأمة المسلمة فى القرآن |b / دراسة لمعنى الأمة و بعدها السياسى |c رضوان جمال يوسف حسين ؛ إشراف إبراهيم محمد زين |
| 260 | |a Kuala Lumpur : |b al-Jami'ah al-Islamiyah al-'Alamiyah Maliziya, |c 1994 | ||
| 300 | |a 190 p. ; |c 30 cm. | ||
| 500 | |a "Bahth takmili li-nayl darajat al-Majistir."--on t.p. | ||
| 502 | |a Thesis (M.A.)--al-Jami'ah al-Islamiyah al-'Alamiyah Maliziya, 1994. | ||
| 504 | |a Includes bibliographical references (leaves 166-190). | ||
| 530 | |a Also available on 4 3/4 in. computer optical disc. | ||
| 596 | |a 1 | ||
| 630 | 0 | 0 | |a Qur'an |x Political science |
| 650 | 0 | |a Islam and state |x Qur'anic teaching | |
| 650 | 0 | |a Islamic unity | |
| 655 | 0 | 7 | |a Theses, IIUM local |
| 690 | 0 | |a Dissertations, Academic |x Department of Political Sciences |z IIUM | |
| 700 | 1 | |a Husayn, Radwan Jamal Yusuf | |
| 710 | 2 | |a International Islamic University Malaysia. |b Kulliyyah of Islamic Revealed Knowledge and Human Sciences | |
| 730 | 0 | |a Ummah al-Muslimah fi al-Qur'an : dirasah li-ma'na al-ummah wa-bu'daha al-siyasi (Electronic resource) | |
| 856 | 4 | |u http://studentrepo.iium.edu.my/handle/123456789/8413 | |
| 900 | |a oc-arr-checked a r r-sa | ||
| 999 | |c 430450 |d 461941 | ||
| 952 | |0 0 |6 T BP 134 P6 H968U 1994 |7 0 |8 THESES |9 749707 |a IIUM |b IIUM |c MULTIMEDIA |g 0.00 |o t BP 134 P6 H968U 1994 |p 00011284499 |r 2017-10-17 |t 2 |v 0.00 |y THESIS | ||
| 952 | |0 0 |6 LU T BP 134 P6 H968U 1994 |7 0 |8 THESES |9 749708 |a IIUM |b IIUM |c CLOSEACCES |g 0.00 |o lu t BP 134 P6 H968U 1994 |p 00000227796 |r 2017-10-24 |t 1 |v 0.00 |y THESIS | ||
| 952 | |0 0 |6 TS CDF BP134P6H968U 1994 |7 0 |8 THESES |9 790438 |a IIUM |b IIUM |c MULTIMEDIA |g 0.00 |o ts cdf BP134P6H968U 1994 |p 11100325338 |r 2017-10-26 |t 1 |v 0.00 |y THESISDIG | ||
